Jobs (Record no. 11974)

MARC details
000 -LÍDER
campo de controle de tamanho fixo 00287 a2200145 4500
001 - NÚMERO DE CONTROLE
campo de controle 11974
020 ## - ISBN - INTERNATIONAL STANDARD BOOK NUMBER
ISBN - International Standard Book Number 978074607596
040 ## - FONTE DA CATALOGAÇÃO
Instituição que transcreveu o registro Anchieta - Aquarius
240 10 - TÍTULO UNIFORME
Título uniforme Jobs
Idioma da obra por
245 10 - TÍTULO
Título Jobs
300 ## - DESCRIÇÃO FÍSICA
Extensão
362 0# - DATAS DE PUBLICAÇÃO E/OU DESIGNAÇÃO SEQUENCIAL
Datas de publicação e/ou designação sequencial 0
650 #4 - ASSUNTO--TERMO TÓPICO
Cabeçalho tópico ou nome geográfico Literatura infantil em inglês
942 ## - ELEMENTOS DE ENTRADA ADICIONADOS (KOHA)
Tipo de material Koha Livros
Holdings
Situação do descarte Situação das perdas Situação física Não pode ser emprestado Biblioteca de origem Biblioteca atual Data de aquisição Total de empréstimos Número de chamada completo Código de barras Data de último acesso Data do preço efetivo Tipo de material Koha Data do último empréstimo
        Colégio Anchieta - Aquarius Colégio Anchieta - Aquarius 21/11/2023   LI 028.573 JOB 2950/AQU 21/11/2023 21/11/2023 Livros  
        Colégio Anchieta - Aquarius Colégio Anchieta - Aquarius 21/11/2023   LI 028.573 JOB 2952/AQU 21/11/2023 21/11/2023 Livros  
        Colégio Anchieta - Aquarius Colégio Anchieta - Aquarius 21/11/2023   LI 028.573 JOB 6553/AQU 21/11/2023 21/11/2023 Livros  
        Colégio Anchieta - Aquarius Colégio Anchieta - Aquarius 21/11/2023   LI 028.573 JOB 6626/AQU 21/11/2023 21/11/2023 Livros  
        Colégio Anchieta - Bela Vista Colégio Anchieta - Bela Vista 21/11/2023 2 LI 028.573 J628j JOB 83/BEL 01/08/2024 21/11/2023 Livros 29/07/2024
        Colégio Anchieta - Aquarius Inspira 21/11/2023 1 LI 028.573 JOB 2951/AQU 21/11/2023 21/11/2023 Livros 21/11/2023